Paroles - Mon mec à moi - Patricia Kaas - Statistiques

Statistiques générales
  • Ce quiz a été pris 222 fois
  • Le résultat moyen est 220 sur 274
Statistiques - réponses
Réponse % Correct
à
100%
me
100%
moi
100%
mon
100%
Mon
100%
Il
99%
il
99%
mec
98%
parle
96%
d'aventures
93%
des
93%
Des
93%
je
93%
Et
92%
et
92%
voitures
92%
comme
90%
Comme
90%
d'amour
90%
dans
90%
pas
90%
tout
90%
y
90%
crois
89%
la
89%
Ce
87%
ma
87%
m'a
87%
quand
87%
ses
87%
nuit
85%
passer
85%
c'qu'il
84%
dit
84%
yeux
83%
Mais
82%
mais
82%
j'pourrais
81%
J'pourrais
81%
le
81%
79%
m'dit
78%
qu'il
76%
Qu'il
76%
suis
76%
ces
75%
Tellement
75%
pour
74%
ça
73%
C'est
73%
c'est
73%
vie
73%
j'y
72%
coeur
70%
du
70%
Les
70%
les
70%
mots
70%
Oh
70%
avec
69%
histoires
68%
joue
68%
joué
68%
oui
68%
veut
68%
sa
67%
Sa
67%
bien
66%
En
66%
en
66%
fait
66%
vrai
66%
au
64%
brillent
64%
elles
64%
raconte
63%
même
59%
menteurs
59%
deux
57%
chinois
56%
triche
55%
pareil
53%
pleut
53%
rêves
53%
chante
50%
dire
50%
façon
50%
Sans
50%
scénarios
50%
t'aime
50%
cinéma
49%
d'être
49%
chansons
48%
jamais
48%
écoutant
47%
fois
47%
voix
47%
blanc
46%
noir
46%
J'me
45%
film
43%
bonbons
42%
menthe
42%
rien
42%
cents
41%
ressemble
36%
Enfin
35%
Morgan
35%
qu'du
35%
Gabin
34%
Aucun quiz correspondant
Distribution des résultats
% des personnes avec chaque résultat
Percentile par nombre de réponses
Votre historique - résultats
Vous n’avez pas pris ce quiz